000
00208nam a2200097Ia 4500
008
240331s9999 xx 000 0 und d
082
_a
808
_b
SRE
100
_a
Sres,M
245
0
_a
Atiyil pen iruntaal
942
_c
L
999
_c
1019
_d
1019